| 000 | 00884cam a22001934a 4500 | ||
|---|---|---|---|
| 005 | 20250605164053.0 | ||
| 008 | 250528s ||||||||||||||||||||||||d | ||
| 035 | _a17360 | ||
| 020 | _a415006716 | ||
| 040 |
_aGR-AtMCL _bgre _dGR-AtMCL _eAACR2 |
||
| 245 | 1 | _aTourism and Development in the Third World | |
| 260 |
_bRouledge, _c1998 |
||
| 300 | _a88 | ||
| 520 | _aThis book assesses the diverse social, economic, and environmental factors which impact on the Third World. Acknowledgements, General Introduction, Conceptualizing Tourism's Place in Development, Tourism Demand and the Supply of Facilities, Tourism's Economic Impacts, Tourism's Environmental and Social and Cultural Impacts, Planning and Management of Tourism, Review Questions and References and Further Reading Index. | ||
| 700 | 1 |
_aLea John _93512 |
|
| 942 | _cBK | ||
| 999 |
_c2784 _d2784 |
||